000 01385cam a2200313 i 4500
001 24975
003 Mx-PuUPA
005 20251016111222.0
008 140415s xx a fr 001 0 eng d
020 _a9786079390150
_cno válido
040 _cMx-PuUPA
_aMx-PuUPA
_bspa
_dMx-PuUPA
_erda
041 0 _aeng
100 1 _aToledo, Francisco,
_d1940-2019
_91874
_eautor
245 1 0 _aToledo and the graphic /
_cFrancisco Toledo ; introductory text by José Antonio Gali Fayad ; introductory text vy Roberto Trauwitz Echeguren
264 1 _a[lugar de publicación no identificado] :
_b[editor no identificado],
_c[año de publicación no identificado]
300 _a238 páginas :
_bilustraciones (principalmente blanco y negro) ;
_c29 cm
336 _2rdacontent
_atexto
_btxt
337 _2rdamedia
_asin medio
_bn
338 _2rdacarrier
_avolumen
_bnc
600 1 4 _aToledo, Francisco,
_d1940-2019
_vExposiciones
650 7 _2armarc
_aArtes gráficas
_zMéxico
_vExposiciones
650 7 _2armarc
_aArtes gráficas
_vCatálogos de exposiciones
700 1 _aGali Fayad, José Antonio,
_eautor de texto introductorio
700 1 _aTrauwitz Echeguren, Roberto,
_eautor de texto introductorio
942 _2ddc
_cLI
_h769.972
_iT64
999 _c24975
_d24975